000 nam a22 7a 4500
999 _c9119
_d9119
008 180123b ||||| |||| 00| 0 eng d
100 _aAggarwal R S
_93422
245 _aMaths Lab Manual
260 _aNew Delhi
_bBharat Bhawan Publication
_c2007